<?xml version="1.0" encoding="UTF-8"?>
<record
    xmlns:xsi="http://www.w3.org/2001/XMLSchema-instance"
    xsi:schemaLocation="http://www.loc.gov/MARC21/slim http://www.loc.gov/standards/marcxml/schema/MARC21slim.xsd"
    xmlns="http://www.loc.gov/MARC21/slim">

  <leader>02686nam a2200301uu 4500</leader>
  <controlfield tag="001">1339072</controlfield>
  <controlfield tag="005">20260508075719.0</controlfield>
  <controlfield tag="008">130806s2011                        spa  </controlfield>
  <datafield tag="020" ind1=" " ind2=" ">
    <subfield code="a">9788441529472</subfield>
  </datafield>
  <datafield tag="035" ind1=" " ind2=" ">
    <subfield code="a">1339072</subfield>
  </datafield>
  <datafield tag="040" ind1=" " ind2=" ">
    <subfield code="c">comduadb</subfield>
  </datafield>
  <datafield tag="041" ind1=" " ind2=" ">
    <subfield code="a">spa</subfield>
  </datafield>
  <datafield tag="082" ind1=" " ind2="4">
    <subfield code="a">005</subfield>
  </datafield>
  <datafield tag="100" ind1="1" ind2="0">
    <subfield code="a">Tomlinson, Todd</subfield>
    <subfield code="4">aut</subfield>
    <subfield code="e">aut</subfield>
    <subfield code="9">254787</subfield>
  </datafield>
  <datafield tag="245" ind1="1" ind2="0">
    <subfield code="a">Desarrollo con Drupal 7</subfield>
  </datafield>
  <datafield tag="260" ind1=" " ind2=" ">
    <subfield code="a">Madrid :</subfield>
    <subfield code="b">Anaya Multimedia,</subfield>
    <subfield code="c">2011.</subfield>
  </datafield>
  <datafield tag="300" ind1=" " ind2=" ">
    <subfield code="a">720 p&#xE1;ginas</subfield>
  </datafield>
  <datafield tag="490" ind1="0" ind2=" ">
    <subfield code="a">Anaya Multimedia</subfield>
  </datafield>
  <datafield tag="505" ind1=" " ind2=" ">
    <subfield code="a">CONTENIDO : Introducci&#xF3;n. -- Funcionamiento de Drupal. -- Escribir un m&#xF3;dulo. -- Conectores, acciones y disparadores. --  El sistema de men&#xFA;s. -- Trabajar con bases de datos. -- Trabajar con usuarios. -- Trabajar con nodos. --  Trabajar con campos. -- El sistema de temas. -- Trabajar con bloques. -- La API de formularios. -- Manipular entradas del usuario: el sistema de filtros. -- Buscar e indexar contenido. -- Trabajar con archivos. --  Trabajar con taxonom&#xED;a. -- Almacenar en cach&#xE9;. -- Sesiones. -- Concepto de sesiones. -- Utilizar jQuery. -- Definici&#xF3;n de jQuery. -- Localizaci&#xF3;n y traducci&#xF3;n. -- XML-RPC. -- Escribir c&#xF3;digo seguro. -- Pr&#xE1;cticas recomendadas de desarrollo. -- Optimizar Drupal. -- Perfiles de instalaci&#xF3;n. -- Pruebas. -- Configurar el entorno de pruebas.</subfield>
  </datafield>
  <datafield tag="520" ind1="3" ind2=" ">
    <subfield code="a">Drupal es la plataforma de gesti&#xF3;n de contenidos que muchos de los sitios Web m&#xE1;s conocidos del planeta utilizan. Su versi&#xF3;n 7 supone una nueva era en el desarrollo de potentes sitios personalizados, con funciones y opciones que aumentan las posibilidades de creaci&#xF3;n y desarrollo en la Web. Con este libro aprender&#xE1; a adentrarse en Drupal 7 para crear soluciones Web incre&#xED;bles. Analizar&#xE1; todos los aspectos importantes, desde los fundamentos de la plataforma, la comprensibilidad y utilizaci&#xF3;n de las API de Drupal, la creaci&#xF3;n de sus propios m&#xF3;dulos, el dise&#xF1;o del c&#xF3;digo seguro, el establecimiento de sitios Web de alto rendimiento y otros temas que le permitir&#xE1;n convertirse r&#xE1;pidamente en un experto. Drupal 7 ofrece nuevas y numerosas posibilidades para crear un portal de Internet, un sitio Web personal, profesional o de comercio electr&#xF3;nico, un directorio de recursos, un peri&#xF3;dico online, una galer&#xED;a de im&#xE1;genes, una intranet o pr&#xE1;cticamente cualquier otro tipo de sitio Web que pueda imaginar.</subfield>
  </datafield>
  <datafield tag="650" ind1=" " ind2=" ">
    <subfield code="a">Drupal (Lenguaje de programaci&#xF3;n)</subfield>
    <subfield code="9">204860</subfield>
  </datafield>
  <datafield tag="650" ind1=" " ind2="7">
    <subfield code="a">Lenguajes de programaci&#xF3;n</subfield>
    <subfield code="2">embne</subfield>
    <subfield code="9">23310</subfield>
  </datafield>
  <datafield tag="650" ind1=" " ind2=" ">
    <subfield code="a">Gesti&#xF3;n de contenidos</subfield>
    <subfield code="9">157236</subfield>
  </datafield>
  <datafield tag="650" ind1=" " ind2=" ">
    <subfield code="a">Sitios Web (Internet) - Dise&#xF1;o</subfield>
    <subfield code="9">148572</subfield>
  </datafield>
  <datafield tag="700" ind1="1" ind2="0">
    <subfield code="a">VanDyk, John K.</subfield>
    <subfield code="4">aut</subfield>
    <subfield code="e">aut</subfield>
    <subfield code="9">628089</subfield>
  </datafield>
  <datafield tag="700" ind1="1" ind2="0">
    <subfield code="a">G&#xF3;mez Celador, Jos&#xE9; Luis</subfield>
    <subfield code="4">trl</subfield>
    <subfield code="e">trl</subfield>
    <subfield code="9">576202</subfield>
  </datafield>
  <datafield tag="942" ind1=" " ind2=" ">
    <subfield code="c">BOOK</subfield>
  </datafield>
  <datafield tag="999" ind1=" " ind2=" ">
    <subfield code="c">650855</subfield>
    <subfield code="d">650855</subfield>
  </datafield>
  <datafield tag="952" ind1=" " ind2=" ">
    <subfield code="0">0</subfield>
    <subfield code="1">0</subfield>
    <subfield code="2">ddc</subfield>
    <subfield code="4">0</subfield>
    <subfield code="7">0</subfield>
    <subfield code="8">GEN</subfield>
    <subfield code="a">BC</subfield>
    <subfield code="b">BC</subfield>
    <subfield code="d">2013-08-06</subfield>
    <subfield code="e">Casa del Libro</subfield>
    <subfield code="g">158136.00</subfield>
    <subfield code="i">C1183569</subfield>
    <subfield code="l">0</subfield>
    <subfield code="o">005.13 T659</subfield>
    <subfield code="p">0981242</subfield>
    <subfield code="r">2024-11-13 00:00:00</subfield>
    <subfield code="t">1</subfield>
    <subfield code="w">2023-05-02</subfield>
    <subfield code="y">BOOK</subfield>
  </datafield>
</record>
